Il governo della tv (Record n. 210836)

Dettagli MARC
000 -LEADER
fixed length control field 01681nam a2200205Ia 4500
001 - CONTROL NUMBER
control field b6229-44098
003 - CONTROL NUMBER IDENTIFIER
control field IT-MiCISF
008 - FIXED-LENGTH DATA ELEMENTS--GENERAL INFORMATION
fixed length control field 161014s9999||||xx |||||||||||||| ||und||
040 ## - CATALOGING SOURCE
Original cataloging agency IT-MiCISF
Transcribing agency IT-MiCISF
041 ## - LANGUAGE CODE
Language code of text/sound track or separate title it
999 ## - SYSTEM CONTROL NUMBERS (KOHA)
Koha Dewey Subclass [OBSOLETE] si
100 ## - MAIN ENTRY--PERSONAL NAME
Personal name Tarozzi Massimiliano (a cura di)
245 #0 - TITLE STATEMENT
Title Il governo della tv
Remainder of title Etnografie del consumo televisivo in contesti domestici
250 ## - EDITION STATEMENT
Edition statement 1a ed.
260 ## - PUBLICATION, DISTRIBUTION, ETC. (IMPRINT)
Place of publication, distribution, etc. Milano
Name of publisher, distributor, etc. Franco Angeli
Date of publication, distribution, etc. 2007
300 ## - PHYSICAL DESCRIPTION
Extent pp. 174
500 ## - GENERAL NOTE
General note / televisione, informazione, educazione-bambini, problemi-educazione, organizzazione-familiare, famiglia / Il volume raccoglie i risultati di una ricerca etnografica condotta da un'équipe multidisciplinare tra le famiglie residenti in tre città italiane, - Trento, Bologna e Napoli - e diretta dal curatore, professore di Pedagogia Generale e docente di Metodologia della Ricerca Qualitativa presso la Facoltà di Scienze Cognitive dell'Università degli Studi di Trento. L'obiettivo era di esplorare i processi di governo televisivo familiare sia per comprendere il funzionamento del sistema di controllo che per verificare l'impiego della televisione come "produttore di ordine" all'interno delle complesse routine familiari. Ne emerge una inedita teoria esplicativa, che assegna alle madri un ruolo preponderante nel governo televisivo evidenziandone le strategie di intervento nella gestione di un mezzo in grado di ammaliare ma anche di anestetizzare i bambini di 3-6 anni. Il volume si rivolge ad un pubblico di esperti e di ricercatori ma è sicuramente molto utile anche ai genitori.
650 ## - SUBJECT ADDED ENTRY--TOPICAL TERM
Topical term or geographic name as entry element Genitorialità e problemi educativi / mass-media
Relator term 004
942 ## - ADDED ENTRY ELEMENTS (KOHA)
Koha item type LIBRO
957 ## -
-- 1
999 ## - SYSTEM CONTROL NUMBERS (KOHA)
-- 1
Dati di copia
Withdrawn status Lost status Damaged status Not for loan Home library Current library Date acquired Total Checkouts Full call number Date last seen Price effective from Koha item type Public note
    Buone Condizioni Not For Loan CISF - Milano CISF - Milano 14/10/2016   b6229-44098 14/10/2016 14/10/2016 LIBRO Data import 15.10.2016 / by Epidotti, Vaglietti
CREDITS: SOCIETA' SAN PAOLO Via A.Severo, 58 - ROMA (RM) & PERIODICI SAN PAOLO SRL Via Giotto, 36 MILANO & CISF Via Giotto, 36 MILANO & EDIZIONI SAN PAOLO SRL,  Piazza Soncino, 5 CINISELLO BALSAMO (MI) -- ITALY